000 00445nam a2200121Ia 4500
008 220620s9999||||xx |||||||||||||| ||und||
100 _aSara Palermo||Rosalba Morese||Juri Nervo
245 0 _aSocialization - A Multidimensional Perspective
546 _aEnglish[eng]
650 _aSocial Sciences||Sociology||Social Sciences and Humanities
856 _uhttps://www.intechopen.com/books/socialization-a-multidimensional-perspective
942 _cEB
999 _c24334
_d24334